000 00579cam a22002053a 4500
001 44066
003 PGUSA
005 20140828084013.0
008 131029s2013||||xxu|||||s|||||000 | eng d
040 _aPGUSA
_beng
042 _adc
100 1 _aShoemaker, Michael Myers
245 1 0 _aWanderings in Ireland
_h[electronic resource] /
_cMichael Myers Shoemaker
260 _bProject Gutenberg,
_c2013
506 _aPublic domain in the USA.
516 _aElectronic text
830 0 _aProject Gutenberg
_v44066
856 4 0 _uhttp://www.gutenberg.org/ebooks/44066
942 _cEB
999 _c273317
_d273317